[Event "ICS Rated blitz match"]
[Site "204.178.125.65"]
[Date "1999.10.18"]
[Round "?"]
[White "Skeletor"]
[Black "Hossa"]
[Result "1-0"]
[WhiteElo "2695"]
[BlackElo "2468"]
[PlyCount "126"]
[EventDate "1999.??.??"]

1. e4 e5 2. Nc3 Bc5 3. g3 Nf6 4. Bg2 d6 5. Nge2 Nc6 6. O-O Bg4 7. h3 Bh5 8. Qe1
O-O 9. d3 Nd4 10. Nxd4 Bxd4 11. Ne2 Bb6 12. Bg5 c6 13. c4 Qe7 14. Rc1 Bc5 15.
b3 Bb4 16. Qxb4 Bxe2 17. Rfe1 Bh5 18. c5 dxc5 19. Qxc5 Qxc5 20. Rxc5 Nd7 21.
Rc4 c5 22. Be7 Rfc8 23. Rec1 Be2 24. R4c3 b6 25. R1c2 Bd1 26. Rc1 Re8 27. Bxc5
Bxb3 28. Bxb6 Bxa2 29. Be3 a5 30. Ra1 Be6 31. Rca3 Ra6 32. Rxa5 Rd6 33. Bf1 Rc8
34. Ra8 Nf8 35. Rxc8 Bxc8 36. f4 f6 37. Ra8 Rc6 38. Ra5 Re6 39. Ra7 Rd6 40. Re7
Be6 41. fxe5 fxe5 42. Bc5 Rd8 43. Kf2 g5 44. Be3 g4 45. hxg4 Rd6 46. Bh6 Ng6
47. Rg7+ Kh8 48. Be2 Bd7 49. Ke3 Be8 50. Rb7 Kg8 51. Bd1 Bd7 52. g5 Bh3 53. g4
Re6 54. Kf3 Nf4 55. Bb3 Bg2+ 56. Kf2 Bh1 57. g6 hxg6 58. Bxf4 Kh8 59. Bh6 Re8
60. Bg7+ Kh7 61. Bf6+ Re7 62. Rxe7+ Kh6 63. g5+ 63... Kh5 {Hossa resigns} 1-0

[Event "ICS Rated blitz match"]
[Site "204.178.125.65"]
[Date "1999.10.12"]
[Round "?"]
[White "Skeletor"]
[Black "Hossa"]
[Result "1-0"]
[WhiteElo "2673"]
[BlackElo "2398"]
[PlyCount "136"]
[EventDate "1999.??.??"]

1. d4 d5 2. c4 dxc4 3. Nf3 Nf6 4. e3 e6 5. Bxc4 c5 6. O-O a6 7. a4 Nc6 8. Qe2
cxd4 9. Rd1 Bd6 10. Nxd4 Na5 11. Nd2 e5 12. N4b3 Nc6 13. Bd3 Bg4 14. f3 Be6 15.
Bf5 Bxf5 16. Nc4 O-O 17. Nxd6 Qb6 18. Nxf5 Qxb3 19. Ra3 Qb4 20. Qc2 Rad8 21.
Bd2 Qb6 22. Rc3 Rd7 23. Rc4 Rfd8 24. b3 Rd3 25. b4 R3d7 26. Qb2 a5 27. b5 Nb4
28. Qxe5 Qe6 29. Qxe6 fxe6 30. Nd4 e5 31. Nb3 b6 32. Rcc1 Rd3 33. Rb1 Nc2 34.
Rdc1 Nxe3 35. Bxe3 Rxe3 36. Kf2 Red3 37. Re1 R8d5 38. Re3 e4 39. Rbe1 Rf5 40.
Rxd3 exd3 41. Ke3 Re5+ 42. Kd2 Rxe1 43. Kxe1 Nd7 44. Kd2 Ne5 45. Kc3 g5 46. Nc1
d2 47. Kxd2 Nc4+ 48. Kc3 Ne3 49. g3 h6 50. Kd4 Nd1 51. Nd3 Kg7 52. f4 gxf4 53.
gxf4 h5 54. f5 Kf6 55. Ne5 Kxf5 56. Nd7 Nf2 57. Nxb6 Nh3 58. Nc4 Ke6 59. b6 Kd7
60. Kc5 Nf2 61. Ne5+ Ke6 62. b7 Kxe5 63. b8=Q+ Ke4 64. Qe8+ Kd3 65. Qxh5 Ne4+
66. Kc6 Kd4 67. Qxa5 Nf2 68. Qc5+ 68... Kd3 {Hossa resigns} 1-0

[Event "ICS Rated blitz match"]
[Site "204.178.125.65"]
[Date "1999.10.14"]
[Round "?"]
[White "Solido"]
[Black "Hossa"]
[Result "0-1"]
[WhiteElo "2094"]
[BlackElo "2362"]
[PlyCount "92"]
[EventDate "1999.??.??"]

1. c4 b6 2. Nc3 e5 3. g3 Bb7 4. e4 f5 5. Bg2 Nf6 6. d3 fxe4 7. dxe4 Bb4 8. Bg5
Bxc3+ 9. bxc3 O-O 10. Ne2 h6 11. Bxf6 Rxf6 12. f3 Nc6 13. O-O Na5 14. c5 bxc5
15. Qa4 c6 16. Rad1 Ba6 17. Rfe1 Bb5 18. Qa3 d6 19. Nc1 Nc4 20. Qb3 Rb8 21. Nd3
Rf7 22. Qc2 Qa5 23. Qf2 Qxc3 24. Bh3 Rf6 25. Bf1 Na3 26. Rc1 Qd4 27. Qxd4 exd4
28. Nf4 g5 29. Nh5 Rxf3 30. Bh3 Kf8 31. Be6 Ke7 32. Bg4 Rff8 33. e5 Bc4 34. Nf6
h5 35. exd6+ Kxf6 36. d7 hxg4 37. Rf1+ Bxf1 38. Rxf1+ Ke6 39. Re1+ Kxd7 40. Kg2
Rb2+ 41. Kg1 Rff2 42. Rd1 Rg2+ 43. Kh1 Rxh2+ 44. Kg1 Nc4 45. Re1 Rbg2+ 46. Kf1
46... Nd2# {Solido checkmated} 0-1

[Event "ICS Rated blitz match"]
[Site "204.178.125.65"]
[Date "1999.09.29"]
[Round "?"]
[White "StrongBach"]
[Black "Hossa"]
[Result "0-1"]
[WhiteElo "1795"]
[BlackElo "2461"]
[Annotator "Fritz 5.32 (29s)"]
[PlyCount "72"]
[EventDate "1999.??.??"]

1. Nf3 d5 2. d3 Nf6 3. Bf4 (3. c3 Nbd7 4. Qc2 e5 5. e4 c6 6. Be2 Bd6 7. Bg5 h6
8. Bh4 b6 9. Nbd2 Bb7 10. d4 O-O 11. dxe5 Nxe5 12. exd5 12... Ng6 {
- Marangunic,S-Nunn,J/Dortmund 1987/CBM 02 (12)}) 3... e6 $146 (3... Nc6 4. h3
e6 5. Nbd2 Bd6 6. Bg5 e5 7. e4 d4 8. a3 O-O 9. Be2 Re8 10. c3 Bc5 11. O-O dxc3
12. bxc3 Qe7 13. Qc1 Qe6 14. Nh2 h6 15. Bxf6 Qxf6 16. Bg4 Bxg4 17. Nxg4 Qd6 18.
Nb3 {Wallhoefer,I-Reifferscheidt,A/Bad Laasphe 1994/EXT 99/ - (30)}) (3... c5
4. c3 (4. Nbd2 Bg4 5. e4 e6 6. h3 Bh5 7. c3 Nc6 8. Qb3 Qb6 9. g4 Bg6 10. Nh4
Qxb3 11. axb3 Be7 12. Bg3 dxe4 13. Nxg6 hxg6 14. Nxe4 Nxg4 15. Nd6+ Bxd6 16.
Bxd6 b6 17. Bg2 Kd7 18. Bxc5 18... Nh6 {
Francsics,E-Lehmann,Z/Budapest 1997/CBM 61 ext/1-0 (41)}) 4... Nc6 5. Nbd2 Nh5
6. Bg3 g6 7. e4 Bg7 8. Qb3 d4 9. Rc1 Nxg3 10. hxg3 O-O 11. Qd5 dxc3 12. bxc3
Qxd5 13. exd5 Nb8 14. d4 Nd7 15. Nb3 cxd4 16. Nfxd4 Nb6 17. c4 Bd7 18. Rh4 {
Francsics,E-Eperjesi,L/Budapest 1997/CBM 61 ext/0-1 (35)}) 4. a3 {Deckt b4}
4... Bd6 5. Bg5 O-O (5... Nbd7 6. Nc3 $11) 6. g3 {Befestigt f4} 6... e5 7. Nc3
7... d4 {Raumvorteil} 8. Nb5 $15 (8. Ne4 8... Be7 $11) 8... Nc6 $11 (8... Be7
$5 9. a4 9... c6 $15) 9. Bg2 $15 (9. Nxd6 Qxd6 10. Bg2 10... Nd5 $11) 9... Be7
10. O-O $2 $19 (10. a4 $15 $142 {und Weiss spielt mit}) 10... a6 11. Nbxd4 (11.
a4 axb5 12. axb5 Rxa1 13. Qxa1 13... Nb8 $17) 11... exd4 (11... Nxd4 $6 12.
Nxe5 Ng4 13. e3 Nxe5 14. Bxe7 Ndf3+ 15. Bxf3 Qxe7 16. Be4 $17) 12. Qe1 Re8 13.
e4 Bg4 14. Kh1 Qd7 15. e5 (15. Qd2 h6 16. Bxf6 16... Bxf6 $19 (16... gxf6 $6
17. Qxh6 Qd6 18. h3 $15)) 15... Qf5 {Schwarz haelt das Heft fest in der Hand}
16. Nxd4 (16. Bf4 {nuetzt auch nichts mehr} 16... Bd6 17. Qd2 Bxf3 18. exf6
18... Re2 $19) 16... Nxd4 (16... Qxg5 $6 {ist schnell zu verwerfen} 17. Nxc6
bxc6 18. Bxc6 $19) 17. exf6 (17. f4 {aendert den traurigen Lauf der Dinge nicht
} 17... Nxc2 18. Qc3 Nxa1 19. exf6 Bxf6 20. Bxf6 Qxf6 21. Qxf6 gxf6 22. Rxa1
22... c6 $19) 17... Bxf6 $1 {das wars.} 18. Qc3 Nb5 19. Qb4 Bxg5 20. Bxb7 (20.
f4 {aendert nichts am Ausgang der Partie} 20... Be7 21. Qa4 21... c6 $19) 20...
Bf3+ 21. Bxf3 Qxf3+ 22. Kg1 Bf6 (22... Re2 $5 $142 {ginge schneller} 23. Rae1
Bd2 24. Rxe2 Bxb4 25. Re3 $19) 23. Rae1 (23. c3 {aendert nichts mehr} 23...
Qxd3 24. Rae1 24... Nd6 $19) 23... Nd4 24. h3 Rxe1 (24... Ne2+ {
waere im Gewinnsinne praeziser} 25. Kh2 Bd4 26. Rxe2 Qxe2 27. Kg2 $19) 25. Qxe1
Nxc2 26. Qd2 (26. Qe4 {waere gleichermassen fruchtlos} 26... Qxe4 27. dxe4
27... Bxb2 $19) 26... Nd4 (26... Re8 $5 $142 {laesst dem Gegner kaum Chancen}
27. b4 $19) 27. Kh2 (27. Qe3 {hilft allerdings auch nicht} 27... Rd8 28. Qxf3
Nxf3+ 29. Kg2 29... Rxd3 $19) 27... Qd5 {
Droht Matt: Nf3. Schwarz zwingt den Gegner mit starken Drohungen nieder} 28. f4
Nf3+ 29. Rxf3 Qxf3 30. Qc2 (30. Qg2 {lenkt den Gegner vielleicht noch ab} 30...
Qxg2+ 31. Kxg2 Bxb2 32. Kf3 $19) 30... Re8 {Es droht Matt} 31. Qg2 (31. h4 {
macht keinen grossen Unterschied} 31... Bxh4 $1 {huebsch} 32. gxh4 Re1 33. Qg2
Qxf4+ 34. Qg3 Re2+ 35. Kh3 Qf5+ 36. Qg4 Qf1+ 37. Kg3 Qf2+ 38. Kh3 Qh2#) 31...
Re2 32. Qxe2 Qxe2+ 33. Kh1 Qf3+ (33... Qf2 34. b4 Bd4 35. b5 Qg1#) 34. Kh2 Qf2+
35. Kh1 Bd4 36. g4 (36. b4 {nuetzt auch nichts mehr} 36... Qg1#) 36... Qg1# 0-1

[Event "ICS Rated blitz match"]
[Site "204.178.125.65"]
[Date "1999.09.27"]
[Round "?"]
[White "StrongBach"]
[Black "Hossa"]
[Result "0-1"]
[WhiteElo "1805"]
[BlackElo "2455"]
[PlyCount "40"]
[EventDate "1999.??.??"]

1. a4 e5 2. d4 exd4 3. Qxd4 Nc6 4. Qe4+ Be7 5. Qd3 Nf6 6. Bd2 O-O 7. Nc3 Nb4 8.
Qf5 d5 9. Nxd5 Bxf5 10. Nxb4 Ne4 11. Nd3 Nxd2 12. Kxd2 Bxd3 13. exd3 Qd4 14.
Kc1 Bf6 15. Ra2 Qf4+ 16. Kd1 Bg5 17. Nf3 Qc1+ 18. Ke2 Rae8+ 19. Ne5 Rxe5+ 20.
Kf3 20... Qf4# {StrongBach checkmated} 0-1

[Event "ICS Rated blitz match"]
[Site "204.178.125.65"]
[Date "1999.09.20"]
[Round "?"]
[White "TDChess"]
[Black "Hossa"]
[Result "1/2-1/2"]
[WhiteElo "2484"]
[BlackElo "2389"]
[PlyCount "188"]
[EventDate "1999.??.??"]

1. e4 c5 2. Nf3 d6 3. d4 cxd4 4. Nxd4 Nf6 5. Nc3 a6 6. Be2 e5 7. Nb3 Be7 8. O-O
O-O 9. Qd3 Nc6 10. Bg5 Be6 11. Rfd1 Nb4 12. Qd2 Rc8 13. a3 Nxe4 14. Nxe4 Nxc2
15. Bxe7 Qxe7 16. Nxd6 Rc7 17. Na5 Nxa1 18. Rxa1 Rd8 19. Rd1 Rcd7 20. Naxb7 Bb3
21. Nxd8 Bxd1 22. N8xf7 Bb3 23. Qa5 Bxf7 24. Nxf7 Kxf7 25. Qxa6 Rd2 26. b4 Kf8
27. Qc8+ Qd8 28. Qc5+ Qd6 29. Qc3 Qd4 30. Qf3+ Ke7 31. Bf1 Ra2 32. Qg3 g6 33.
Qf3 Qa7 34. a4 Rxa4 35. Qc3 Qb8 36. b5 Qd6 37. Qh3 h5 38. Qc8 Ra2 39. Qc3 g5
40. b6 Qd4 41. Qc7+ Kf6 42. Qc6+ Kg7 43. Qc7+ Kg6 44. Qc6+ Kg7 45. Qb7+ Kg8 46.
Qf3 Rb2 47. Qf5 Qf4 48. Qg6+ Kf8 49. Qd6+ Kf7 50. Qd7+ Kg6 51. Bd3+ e4 52. Qd4
Rb1+ 53. Bf1 g4 54. Qc5 Qf6 55. Qd5 Rxb6 56. Qxe4+ Qf5 57. Qe8+ Kg7 58. Qe7+
Qf7 59. Qg5+ Qg6 60. Qe7+ Kg8 61. Qd8+ Kf7 62. Qd7+ Kf6 63. Qd4+ Ke7 64. Qe3+
Kd7 65. f4 gxf3 66. Qxf3 Rb2 67. Qd5+ Qd6 68. Qxh5 Qd4+ 69. Kh1 Qf2 70. Qg4+
Kd6 71. Qg6+ Kc5 72. Qa6 Rd2 73. h3 Qf4 74. Qb5+ Kd4 75. Qb4+ Ke5 76. Qc5+ Kf6
77. Kg1 Kg6 78. Qb6+ Kg5 79. Qa7 Kf6 80. Qa6+ Kg5 81. Be2 Qe3+ 82. Kf1 Qf4+ 83.
Ke1 Qb4 84. h4+ Kf5 85. g4+ Ke5 86. Qb5+ Qxb5 87. Bxb5 Rg2 88. Be2 Rxg4 89.
Bxg4 Kf6 90. h5 Kg7 91. h6+ Kh7 92. Bh5 Kh8 93. h7 Kg7 94. h8=R 94... Kxh8 {
Game drawn because neither player has mating material} 1/2-1/2

[Event "ICS Rated blitz match"]
[Site "204.178.125.65"]
[Date "1999.09.20"]
[Round "?"]
[White "TDChess"]
[Black "Hossa"]
[Result "1-0"]
[WhiteElo "2545"]
[BlackElo "2383"]
[PlyCount "39"]
[EventDate "1999.??.??"]

1. e4 c5 2. Nf3 e6 3. Nc3 d6 4. Bc4 Ne7 5. O-O d5 6. exd5 exd5 7. Bb5+ Nbc6 8.
d4 cxd4 9. Nxd4 Bd7 10. Re1 a6 11. Nxd5 Nxd4 12. Bxd7+ Qxd7 13. Nb6 Qd8 14.
Nxa8 Nxc2 15. Qxc2 Qxa8 16. Bf4 b5 17. Rad1 f6 18. Qc7 Rg8 19. Rd7 Kf7 20.
Rexe7+ {Hossa resigns} 1-0

[Event "ICS Rated blitz match"]
[Site "204.178.125.65"]
[Date "1999.09.27"]
[Round "?"]
[White "TDChess"]
[Black "Hossa"]
[Result "1-0"]
[WhiteElo "2450"]
[BlackElo "2466"]
[PlyCount "127"]
[EventDate "1999.??.??"]

1. e4 c5 2. Nf3 Nc6 3. Nc3 g6 4. d4 cxd4 5. Nxd4 Bg7 6. Be3 Nh6 7. Nxc6 bxc6 8.
Be2 d6 9. O-O O-O 10. h3 f5 11. Qd2 Nf7 12. exf5 Bxf5 13. Na4 e5 14. Rfd1 Qh4
15. b3 Bxh3 16. gxh3 Qxh3 17. Qb4 e4 18. Bd4 Bxd4 19. Qxd4 Qe6 20. Kg2 Qe7 21.
Qc4 Rac8 22. Bg4 d5 23. Qa6 Rc7 24. Qa5 Rb7 25. Qc3 Ne5 26. Be2 Qf6 27. Qg3
Rbf7 28. Rf1 Qf5 29. Nc5 Rf6 30. c3 Rb8 31. f4 Nf3 32. Bxf3 exf3+ 33. Qxf3 Rb5
34. Nd3 Rf8 35. Rae1 Ra5 36. Nb4 Rc5 37. Re5 Qd7 38. c4 Rd8 39. cxd5 cxd5 40.
Rd1 Qb5 41. Nxd5 Rc2+ 42. Kg3 Qb8 43. Qe4 Rdc8 44. Nf6+ Kh8 45. Re7 R2c3+ 46.
Kg2 R3c7 47. Qd4 Rxe7 48. Nd7+ Kg8 49. Nxb8 Rxb8 50. Kh1 Rf8 51. Rg1 Rff7 52.
Qd8+ Kg7 53. f5 Re4 54. fxg6 hxg6 55. Qg5 Re6 56. a4 Rf2 57. Qc5 Rf7 58. Qc3+
Kf8 59. Qh8+ Ke7 60. Rc1 Rd6 61. Qe5+ Kd7 62. Qb5+ Ke6 63. Re1+ Kf6 64. Qe5# {
Hossa checkmated} 1-0

[Event "ICS Rated blitz match"]
[Site "204.178.125.65"]
[Date "1999.10.06"]
[Round "?"]
[White "Talmoves"]
[Black "Hossa"]
[Result "1-0"]
[WhiteElo "2605"]
[BlackElo "2529"]
[PlyCount "66"]
[EventDate "1999.??.??"]

1. c4 Nf6 2. Nf3 g6 3. d4 d6 4. Nc3 Nbd7 5. e4 e5 6. Be2 exd4 7. Nxd4 Nc5 8. f3
Bg7 9. b4 Ne6 10. Nxe6 fxe6 11. e5 Nd7 12. Ne4 h6 13. f4 dxe5 14. O-O exf4 15.
Bxf4 Bxa1 16. Qxa1 Rh7 17. Bg4 c6 18. Nd6+ Ke7 19. Bxh6 Qg8 20. Nxc8+ Rxc8 21.
Bg5+ Kd6 22. Qd4+ Kc7 23. Bf4+ Kd8 24. Qd6 Re7 25. Bg5 Qg7 26. Bxe6 Rc7 27.
Bxd7 Qd4+ 28. Qxd4 Rcxd7 29. Bxe7+ Kc8 30. Qh8+ Kc7 31. Qe5+ Rd6 32. Bxd6+ Kd7
33. Rf7+ 33... Kd8 {Hossa resigns} 1-0

[Event "ICS Rated blitz match"]
[Site "204.178.125.65"]
[Date "1999.09.30"]
[Round "?"]
[White "Talmoves"]
[Black "Hossa"]
[Result "1-0"]
[WhiteElo "2569"]
[BlackElo "2505"]
[Annotator "Fritz 5.32 (20s)"]
[PlyCount "75"]
[EventDate "1999.??.??"]

1. e4 e5 2. Nf3 Nc6 3. Bb5 a6 4. Ba4 Nf6 5. O-O Nxe4 6. d4 b5 7. Bb3 d5 8. dxe5
Be6 9. c3 Bc5 10. Nbd2 O-O 11. Bc2 Bf5 12. Nb3 Bb6 13. Nfd4 (13. Nbd4 Nxd4 14.
Nxd4 Bd7 15. f3 Ng5 16. Kh1 c5 17. Ne2 Bc6 18. Ng3 Ne6 19. f4 d4 20. f5 Nc7 21.
Qg4 Kh8 22. Be4 Bxe4 23. Nxe4 Nd5 24. Ng5 h6 25. Qh5 Kg8 26. f6 gxf6 27. exf6
Nxf6 28. Qxh6 dxc3 29. bxc3 Re8 30. Bb2 Qe7 31. c4 {
1-0 Juarez,C-Lorenzo,F/Villa Ballester 1996/CBM 51 ext (31)}) 13... Bd7 14.
Nxc6 Bxc6 15. Nd4 15... Bb7 $146 (15... Bd7 16. f3 Ng5 17. Kh1 Re8 18. Ne2 c6
19. Ng3 Ne6 20. f4 Nf8 21. Nf5 Bxf5 22. Bxf5 f6 23. exf6 Qxf6 24. Bc2 Ra7 25.
Qg4 Rae7 26. f5 Be3 27. Bxe3 Rxe3 28. Qf4 Qe5 29. Qxe5 R8xe5 30. Kg1 Nd7 31. a4
Re2 32. Rf2 Re1+ 33. Rxe1 Rxe1+ 34. Rf1 Re2 35. Rf2 Re1+ 36. Rf1 36... Re2 {
- Rubinetti,J-Palermo,V/Buenos Aires 1973/MCD (36)}) 16. Qh5 $11 (16. Nf5 g6
17. Nh6+ 17... Kg7 $14) 16... c5 17. Bxe4 (17. Nb3 17... f6 $11) 17... dxe4 18.
Nf5 g6 19. Qh6 $11 (19. Qg4 Qe8 20. Bh6 Qxe5 21. Bxf8 Rxf8 22. Nh6+ 22... Kg7
$11) 19... gxf5 20. Bg5 {Es droht Matt} 20... f6 21. Bxf6 {Der Freibauer e5
wird schnell zu einer gefaehrlichen Waffe. Der weisse Laeufer auf dem
Vorposten f6. Droht Matt} 21... Qc7 $16 (21... Rxf6 $5 {muss beachtet werden}
22. exf6 Qc7 23. f7+ 23... Kxf7 $11) 22. Qg5+ Kf7 23. Rad1 Bc8 24. Rd6 $1 {
das wars. Mit der Mattdrohung e6} 24... Rg8 25. Qh6 Ra7 26. Bg5 (26. Qxh7+ $5
$142 {erleichterte Weiss die Gewinnfuehrung} 26... Kf8 27. Qh6+ 27... Ke8 $18)
26... Ke8 27. Rfd1 {Droht Rc6} 27... e3 28. Qh5+ (28. Rxb6 {
ist schnell zu verwerfen} 28... Rxg5 29. Qxg5 Qxb6 30. Qg8+ 30... Ke7 $18)
28... Rg6 (28... Kf8 {der letzte Widerstandsversuch} 29. Rd8+ Qxd8 30. Bxd8 e2
31. Qxe2 31... Rag7 $18) 29. Rxg6 {Es droht Matt} 29... exf2+ 30. Kxf2 hxg6 31.
Qh8+ $1 {ein unangenehmes Schach} 31... Kf7 32. Qh7+ Ke6 33. Qxg6+ $1 {
die Pointe} 33... Kxe5 34. Bf6+ Ke4 35. Qe8+ Be6 36. Qxe6+ Kf4 37. Qe3+ Kg4 38.
Qg5# (38. Qf3#) 1-0

[Event "ICS Rated blitz match"]
[Site "204.178.125.65"]
[Date "1999.10.03"]
[Round "?"]
[White "Talmoves"]
[Black "Hossa"]
[Result "1-0"]
[WhiteElo "2594"]
[BlackElo "2482"]
[PlyCount "138"]
[EventDate "1999.??.??"]

1. e4 c5 2. Nf3 Nc6 3. d4 cxd4 4. Nxd4 Nf6 5. Nc3 d6 6. Bg5 e6 7. Qd2 a6 8.
O-O-O Be7 9. f4 O-O 10. e5 Nd5 11. Nxc6 bxc6 12. Bxe7 Qxe7 13. Nxd5 cxd5 14.
Qb4 Rd8 15. Bd3 f6 16. exf6 Qxf6 17. g3 Rd7 18. c3 Bb7 19. Rhe1 e5 20. fxe5
dxe5 21. Kb1 Qe6 22. Qh4 e4 23. Bc2 Re8 24. Ba4 Bc6 25. Bb3 Rf7 26. Rd4 Kh8 27.
g4 Rd7 28. Qh5 Qe5 29. Qxe5 Rxe5 30. Rf1 g6 31. Kc1 e3 32. Re1 Rf7 33. Rd3 e2
34. Kd2 Rfe7 35. Rd4 Kg7 36. Bc2 h6 37. Bd3 Rb7 38. b3 Rb6 39. Rxe2 Rxe2+ 40.
Bxe2 Kf6 41. h4 g5 42. hxg5+ hxg5 43. Rd3 Ke5 44. Re3+ Kd6 45. Rf3 Bd7 46. Rf7
Kc7 47. Rg7 Rd6 48. Rxg5 Kb6 49. Re5 d4 50. c4 Rg6 51. g5 Kc7 52. Bh5 Rg8 53.
Kd3 Rd8 54. Rc5+ Kb6 55. Rd5 Rh8 56. g6 Bc6 57. g7 Rg8 58. Rg5 Bd7 59. Bf7 Bf5+
60. Kxd4 Rd8+ 61. Bd5 Bh7 62. Rh5 Bg8 63. Rh8 Ka5 64. Rxg8 Rd7 65. c5 Rc7 66.
b4+ Ka4 67. Ra8 Rd7 68. Kc4 Ka3 69. Kc3 69... Ra7 {Hossa resigns} 1-0

[Event "ICS Rated blitz match"]
[Site "204.178.125.65"]
[Date "1999.08.28"]
[Round "?"]
[White "Talmoves"]
[Black "Hossa"]
[Result "0-1"]
[WhiteElo "2527"]
[BlackElo "2475"]
[PlyCount "146"]
[EventDate "1999.??.??"]

1. Nf3 Nf6 2. g3 g6 3. c4 Bg7 4. d4 O-O 5. Bg2 c5 6. O-O cxd4 7. Nxd4 Nc6 8.
Nc3 Nxd4 9. Qxd4 d6 10. Qd3 Ng4 11. b3 Ne5 12. Qc2 Nc6 13. Bb2 Bg4 14. Nd5 Nd4
15. Qd2 e5 16. Rfe1 Qd7 17. Rad1 Bh3 18. Qg5 Bxg2 19. Kxg2 f6 20. Qh4 Nc2 21.
Rf1 f5 22. Kg1 Rae8 23. Rd2 Nd4 24. Rfd1 Ne6 25. Ba3 f4 26. Qh3 fxg3 27. hxg3
Qf7 28. f3 Rd8 29. Qh4 Nd4 30. Bb2 Rde8 31. Qh3 b5 32. Kh2 bxc4 33. bxc4 Rc8
34. Bxd4 exd4 35. Qh4 Rxc4 36. Rxd4 Bxd4 37. Rxd4 Rc2 38. Nf4 Qf6 39. Qxf6 Rxf6
40. Kh3 Rxa2 41. Kg4 Kg7 42. Rd5 Ra3 43. Rb5 Re3 44. Nd5 h5+ 45. Kh3 Rxe2 46.
Nxf6 Kxf6 47. Rd5 Re6 48. f4 Kf7 49. Kh4 Kg7 50. Kg5 Rf6 51. Ra5 Rf5+ 52. Rxf5
gxf5 53. Kxf5 a5 54. Ke4 Kf6 55. Kd4 Kf5 56. Kc4 Kg4 57. Kb3 h4 58. gxh4 Kxh4
59. f5 Kg5 60. f6 Kxf6 61. Ka4 Ke5 62. Kb3 d5 63. Kb2 d4 64. Kb3 d3 65. Kc3 Ke4
66. Kd2 a4 67. Kc3 a3 68. Kb3 d2 69. Kc2 a2 70. Kc3 d1=Q 71. Kc4 a1=Q 72. Kb4
Kd5 73. Kb5 73... Qdb1# {Talmoves checkmated} 0-1

[Event "ICS Rated blitz match"]
[Site "204.178.125.65"]
[Date "1999.09.20"]
[Round "?"]
[White "Talmoves"]
[Black "Hossa"]
[Result "1-0"]
[WhiteElo "2486"]
[BlackElo "2414"]
[PlyCount "89"]
[EventDate "1999.??.??"]

1. d4 Nf6 2. Nf3 d6 3. c4 g6 4. Nc3 Bg7 5. e4 O-O 6. Be2 Nc6 7. d5 Ne5 8. Nxe5
dxe5 9. O-O e6 10. Be3 exd5 11. cxd5 Nd7 12. Qa4 f5 13. d6 cxd6 14. exf5 Rxf5
15. Bd3 Rf8 16. Bc4+ Kh8 17. Rad1 Nb6 18. Qb4 Nxc4 19. Qxc4 Re8 20. Qb4 Bf8 21.
Qb3 b6 22. Ne4 Be6 23. Qd3 Bf5 24. f3 Qh4 25. Qd2 Bxe4 26. Bg5 Qh5 27. Bf6+ Bg7
28. Bxg7+ Kxg7 29. fxe4 Qg4 30. Qxd6 Qxe4 31. Qf6+ Kg8 32. Rd7 Qe3+ 33. Kh1 Qh6
34. h3 Qf8 35. Rf7 Qh6 36. Qc6 Rac8 37. Rc7 Rb8 38. Rff7 Rbc8 39. Qd5 Qc1+ 40.
Rf1+ Kh8 41. Rfxc1 Re7 42. Rxe7 Rxc1+ 43. Kh2 Rf1 44. Qd8+ Rf8 45. Qxf8# {
Hossa checkmated} 1-0

[Event "ICS Rated blitz match"]
[Site "204.178.125.65"]
[Date "1999.09.28"]
[Round "?"]
[White "TheBad"]
[Black "Hossa"]
[Result "0-1"]
[WhiteElo "2048"]
[BlackElo "2364"]
[PlyCount "100"]
[EventDate "1999.??.??"]

1. e4 e6 2. d4 d5 3. Nc3 Nf6 4. exd5 exd5 5. Nf3 Bb4 6. Bg5 O-O 7. Bd3 Re8+ 8.
Ne5 Nbd7 9. O-O Nxe5 10. Bxf6 gxf6 11. dxe5 Bxc3 12. bxc3 fxe5 13. Bxh7+ Kxh7
14. Qh5+ Kg8 15. f4 e4 16. f5 b6 17. f6 Re6 18. Qg5+ Kf8 19. c4 d4 20. Rad1 c5
21. Rf5 Rd6 22. Qg7+ Ke8 23. Qg8+ Kd7 24. Qxf7+ Kc6 25. Re5 e3 26. Qe7 Qxe7 27.
fxe7 Bg4 28. Re1 Re8 29. h3 Be6 30. c3 Rxe7 31. cxd4 cxd4 32. c5 bxc5 33. Rc1
Rd5 34. Re4 Rdd7 35. Rf4 Bxa2 36. Rf6+ Be6 37. Rf8 c4 38. Rc8+ Rc7 39. Rd8 Red7
40. Re8 Kd6 41. h4 c3 42. h5 d3 43. g4 d2 44. Rf1 e2 45. Rf6 e1=Q+ 46. Kh2 Qh4+
47. Kg2 Qxf6 48. h6 d1=Q 49. h7 Qxg4+ 50. Kh2 50... Rxh7# {TheBad checkmated}
0-1

[Event "ICS Rated blitz match"]
[Site "204.178.125.65"]
[Date "1999.09.28"]
[Round "?"]
[White "TheBad"]
[Black "Hossa"]
[Result "1-0"]
[WhiteElo "2024"]
[BlackElo "2391"]
[PlyCount "139"]
[EventDate "1999.??.??"]

1. e4 e5 2. Nf3 Nc6 3. Bb5 a6 4. Ba4 Nf6 5. d4 exd4 6. O-O b5 7. Bb3 Nxe4 8.
Re1 d5 9. Nc3 dxc3 10. Bxd5 Bb7 11. Ng5 f5 12. Nxe4 fxe4 13. Bxc6+ Bxc6 14.
Qh5+ Kd7 15. Qf5+ Ke8 16. Qe6+ Be7 17. Qxc6+ Kf7 18. Qxc3 Re8 19. Rxe4 Qd7 20.
Qb3+ Kf8 21. Be3 Qc6 22. Re5 Qf6 23. Rh5 h6 24. Rh3 Qc6 25. Bd2 Qd6 26. Rd3 Qb6
27. Rf3+ Bf6 28. Rxf6+ Qxf6 29. Bb4+ Re7 30. Re1 Rae8 31. Qe3 Kf7 32. Bxe7 Rxe7
33. Qxe7+ Qxe7 34. Rxe7+ Kxe7 35. f3 Ke6 36. Kf2 c5 37. Ke3 h5 38. Ke4 a5 39.
h4 a4 40. a3 c4 41. c3 g6 42. g4 Kf6 43. gxh5 gxh5 44. f4 Ke6 45. f5+ Kf7 46.
Kf4 Kf6 47. Ke4 Kf7 48. Ke5 Ke7 49. f6+ Kf7 50. Kf5 Kf8 51. Kg6 Kg8 52. Kxh5
Kf7 53. Kg5 b4 54. cxb4 Kf8 55. Kg6 c3 56. bxc3 Ke8 57. Kg7 Kd7 58. f7 Ke6 59.
f8=Q Kd5 60. Qf4 Kc6 61. Qd4 Kb7 62. Qc5 Kb8 63. Qc6 Ka7 64. Qb5 Ka8 65. c4 Ka7
66. c5 Ka8 67. c6 Ka7 68. c7 Ka8 69. c8=Q+ Ka7 70. Qcb8# {Hossa checkmated} 1-0